| 000 | 00464nam a2200157Ia 4500 | ||
|---|---|---|---|
| 008 | 220214s9999 xx 000 0 und d | ||
| 022 | _a0035-9440 | ||
| 245 | 0 | _aRUBBER AGE | |
| 246 | _aElastomerics | ||
| 260 |
_bPalmerton Publishing Company, New York _aUSA |
||
| 310 | _aM | ||
| 500 | _aEnding Volume & Year: 108, 1976 | ||
| 500 | _aMissing Volume: 66(3);72(2);87(2);90(5);94(5);98(12);99(8);105(1-2) | ||
| 500 | _aStarting Volume & Year: 64, 1949 | ||
| 942 | _cBJ | ||
| 999 |
_c366 _d366 |
||